000 00631nam a22002177a 4500
003 UA-OsUOA
001 67233
007 ta
008 20100217b un ||||| |||| 00| 0 ukr d
100 _aБуайе Р.
090 _a32
_bБ90
942 _cSA
040 _aUA-OsUOA
_brus
_cUA-OsUOA
_dUA-OsUOA
245 _aДемократия и социал-демократия перед лицом современного капитализма: "регуляционистский" подход
300 _aС.91
955 _a0
041 _arus
080 _a32
773 0 _w67231
650 7 _a32 Політика
_2UDC
999 _c353220
_d353220